| 000 | 02313nam0a2200349 i 4500 | ||
|---|---|---|---|
| 001 | RU\NLR\BIBL_A\011236682 | ||
| 005 | 20241103113328.0 | ||
| 010 |
_a9785962413648 _975 |
||
| 021 |
_aRU _b2016-72797 _94712 |
||
| 035 | _a(NLR Aleph) 011236682 | ||
| 090 |
_a12099100 _c12099100 |
||
| 100 | _a20161007d2016 k y0rusy50 ca | ||
| 101 | 0 | _arus | |
| 102 | _aRU | ||
| 105 | _aab z 001zy | ||
| 200 | 1 |
_aГородское развитие в современных условиях: экономика, территориальный брендинг, социальный капитал _eматериалы Всероссийской научно-практической конференции с международным участием _f[редкол.: доц. В. Я. Андрухова и др.] |
|
| 210 |
_aИркутск _cИзд-во ИГУ _d2016 |
||
| 215 |
_a148 с. _cил., карт. _d21 |
||
| 300 | _aВ надзаг.: М-во образования и науки Рос. Федерации, Федер. гос. бюджет. образоват. учреждение высш. образования "Иркут. гос. ун-т" Междунар. ин-т экономики и лингвистики | ||
| 320 | _aБиблиогр. в конце докл. | ||
| 606 |
_aГорода _jСъезды, совещания и т.п _xРазвитие _91451994 _3RU\NLR\AUTH\66305367 |
||
| 606 | 1 |
_aГорода _jСъезды, совещания и т.п _xРазвитие _yРоссийская Федерация _92079305 _3RU\NLR\AUTH\661255182 |
|
| 686 | 1 | _aУ04(0)22я431 | |
| 686 | 1 | _aУ04(2Р)22я431 | |
| 686 | 1 | _aУ04(2Р-4Ир)22я431 | |
| 702 | 1 |
_aАндрухова _bВ. Я. _gВалентина Яковлевна _4340 |
|
| 711 | 1 | 2 |
_a"Городское развитие в современных условиях: экономика, территориальный брендинг, социальный капитал", всероссийская научно-практическая конференция с международным участием _eИркутск _f2015 _9534127 _3RU\NLR\AUTH\880434876 |
| 942 | _cBOOK | ||
| 980 | _aNBR | ||